[Event "Campeonato España Sub 16"]
[Site "Salobreña"]
[Date "2017.07.24"]
[Round "2"]
[White "Lianes Garcia, Marcos"]
[Black "Sobrino Forte, Alvaro"]
[Result "1-0"]
[Board "3"]
[WhiteClock "1:30"]
[WhiteTitle "FM"]
[WhiteElo "2352"]
[WhiteCountry "ESP"]
[WhiteFideId "32060777"]
[WhiteEloChange "2"]
[BlackClock "1:30"]
[BlackElo "2003"]
[BlackCountry "ESP"]
[BlackFideId "24549495"]
[BlackEloChange "-2"]

1. d4 {[%clk 1:30:00]} Nf6 {[%clk 1:30:00]} 2. Nf3 {[%clk 1:31:00]} d5 {[%clk
1:31:00]} 3. Bf4 {[%clk 1:30:00]} e6 {[%clk 1:31:00]} 4. e3 {[%clk 1:29:00]} Bd6
{[%clk 1:28:00]} 5. Bg3 {[%clk 1:26:00]} O-O {[%clk 1:26:00]} 6. Bd3 {[%clk
1:25:00]} c5 {[%clk 1:23:00]} 7. c3 {[%clk 1:24:00]} Nc6 {[%clk 1:23:00]} 8. Nbd2
{[%clk 1:24:00]} b6 {[%clk 1:19:00]} 9. O-O {[%clk 1:22:00]} Bb7 {[%clk 1:19:00]}
10. Ne5 {[%clk 1:16:00]} Rc8 {[%clk 1:11:00]} 11. f4 {[%clk 1:13:00]} Ne7 {[%clk
1:05:00]} 12. Qb1 {[%clk 1:04:00]} Rc7 {[%clk 0:59:00]} 13. Bh4 {[%clk 1:04:00]}
Ng6 {[%clk 0:59:00]} 14. Bg5 {[%clk 0:46:00]} Qa8 {[%clk 0:43:00]} 15. Bxf6
{[%clk 0:34:00]} gxf6 {[%clk 0:44:00]} 16. Nef3 {[%clk 0:32:00]} f5 {[%clk
0:44:00]} 17. Kh1 {[%clk 0:30:00]} c4 {[%clk 0:36:00]} 18. Bc2 {[%clk 0:28:00]}
f6 {[%clk 0:35:00]} 19. Rg1 {[%clk 0:28:00]} Rg7 {[%clk 0:33:00]} 20. g4 {[%clk
0:25:00]} fxg4 {[%clk 0:33:00]} 21. Rxg4 {[%clk 0:26:00]} f5 {[%clk 0:33:00]} 22.
Rg3 {[%clk 0:24:00]} Kh8 {[%clk 0:27:00]} 23. Qd1 {[%clk 0:18:33]} Rfg8 {[%clk
0:22:00]} 24. Qe2 {[%clk 0:16:42]} Nf8 {[%clk 0:21:00]} 25. Rh3 {[%clk 0:08:57]}
Be7 {[%clk 0:17:55]} 26. Rg1 {[%clk 0:07:31]} Qe8 {[%clk 0:16:13]} 27. Rxg7
{[%clk 0:07:14]} Rxg7 {[%clk 0:16:23]} 28. Ne5 {[%clk 0:06:56]} Ng6 {[%clk
0:10:57]} 29. Ndf3 {[%clk 0:06:53]} Nxe5 {[%clk 0:09:19]} 30. Nxe5 {[%clk
0:07:18]} Qg8 {[%clk 0:08:58]} 31. Qf2 {[%clk 0:07:02]} Bf6 {[%clk 0:08:30]} 32.
Nf3 {[%clk 0:06:56]} Bc6 {[%clk 0:08:43]} 33. Bd1 {[%clk 0:06:55]} b5 {[%clk
0:08:08]} 34. Rh6 {[%clk 0:06:24]} Rg6 {[%clk 0:07:27]} 35. Rxg6 {[%clk 0:06:30]}
Qxg6 {[%clk 0:07:33]} 36. b4 {[%clk 0:05:46]} Be8 {[%clk 0:05:56]} 37. a3 {[%clk
0:04:02]} Qg7 {[%clk 0:05:43]} 38. Qa2 {[%clk 0:03:40]} Qd7 {[%clk 0:05:22]} 39.
Qg2 {[%clk 0:03:29]} Qg7 {[%clk 0:02:32]} 40. Qf2 {[%clk 0:02:36]} Bh5 {[%clk
0:02:06]} 41. a4 {[%clk 0:02:17]} Bxf3+ {[%clk 0:02:02]} 42. Qxf3 {[%clk
0:02:32]} a6 {[%clk 0:02:07]} 43. Qh5 {[%clk 0:01:46]} Qg6 {[%clk 0:02:26]} 44.
Qe2 {[%clk 0:01:35]} Qh6 {[%clk 0:00:58]} 45. Qf1 {[%clk 0:00:58]} Qh4 {[%clk
0:00:54]} 46. Kg2 {[%clk 0:01:00]} Bg7 {[%clk 0:00:41]} 47. Bf3 {[%clk 0:00:47]}
Qe7 {[%clk 0:00:52]} 48. Qa1 {[%clk 0:01:05]} Qb7 {[%clk 0:00:44]} 49. Bh5 {[%clk
0:00:59]} Qc6 {[%clk 0:00:36]} 50. axb5 {[%clk 0:00:57]} Qxb5 {[%clk 0:00:48]}
51. Bd1 {[%clk 0:01:03]} Bf6 {[%clk 0:01:02]} 52. Ba4 {[%clk 0:01:11]} Qb7 {[%clk
0:01:01]} 53. Be8 {[%clk 0:00:52]} Qg7+ {[%clk 0:00:46]} 54. Kh1 {[%clk 0:00:51]}
Qg4 {[%clk 0:00:44]} 55. Qf1 {[%clk 0:00:59]} Kg7 {[%clk 0:00:38]} 56. Bd7 {[%clk
0:01:14]} Bh4 {[%clk 0:00:37]} 57. Bxe6 {[%clk 0:01:01]} Qh5 {[%clk 0:00:34]} 58.
Bxd5 {[%clk 0:00:30]} Kf6 {[%clk 0:00:56]} 59. Bf3 {[%clk 0:01:12]} Qh6 {[%clk
0:01:25]} 60. Qxc4 {[%clk 0:01:23]} Kg7 {[%clk 0:01:30]} 61. Qc7+ {[%clk
0:01:39]} Kf8 {[%clk 0:01:41]} 62. Qc8+ {[%clk 0:01:52]} Kg7 {[%clk 0:02:04]} 63.
Qd7+ {[%clk 0:01:58]} Kh8 {[%clk 0:02:15]} 64. Qxf5 {[%clk 0:01:17]} Bg3 {[%clk
0:02:19]} 65. Qc8+ {[%clk 0:01:17]} 1-0

[Event "Campeonato España Sub 16"]
[Site "Salobreña"]
[Date "2017.07.24"]
[Round "2"]
[White "Perez Perez , Gabriel"]
[Black "Plazuelo Pascual, Juan"]
[Result "1/2-1/2"]
[Board "4"]
[WhiteClock "1:30"]
[WhiteElo "2000"]
[WhiteCountry "ESP"]
[WhiteFideId "32089147"]
[WhiteEloChange "7"]
[BlackClock "1:30"]
[BlackTitle "FM"]
[BlackElo "2334"]
[BlackCountry "ESP"]
[BlackFideId "32059566"]
[BlackEloChange "-7"]

1. d4 {[%clk 1:30:00]} Nf6 {[%clk 1:30:00]} 2. c4 {[%clk 1:31:00]} e6 {[%clk
1:31:00]} 3. Nc3 {[%clk 1:31:00]} Bb4 {[%clk 1:31:00]} 4. Qc2 {[%clk 1:32:00]} b6
{[%clk 1:30:00]} 5. e4 {[%clk 1:31:00]} c5 {[%clk 1:30:00]} 6. d5 {[%clk
1:27:00]} Qe7 {[%clk 1:30:00]} 7. Be2 {[%clk 1:26:00]} exd5 {[%clk 1:26:00]} 8.
exd5 {[%clk 1:24:00]} O-O {[%clk 1:24:00]} 9. Be3 {[%clk 1:21:00]} d6 {[%clk
1:19:00]} 10. h3 {[%clk 1:18:00]} Ne4 {[%clk 1:15:00]} 11. Bd3 {[%clk 1:06:00]}
Re8 {[%clk 1:05:00]} 12. Ne2 {[%clk 1:05:00]} Bxc3+ {[%clk 1:02:00]} 13. bxc3
{[%clk 1:04:00]} Nd7 {[%clk 0:47:00]} 14. O-O {[%clk 1:03:00]} f5 {[%clk
0:41:00]} 15. Rae1 {[%clk 1:02:00]} Ne5 {[%clk 0:39:00]} 16. f3 {[%clk 0:53:00]}
Nxd3 {[%clk 0:38:00]} 17. Qxd3 {[%clk 0:51:00]} Nf6 {[%clk 0:38:00]} 18. Bf2
{[%clk 0:45:00]} Qf8 {[%clk 0:27:00]} 19. Nf4 {[%clk 0:37:00]} Bd7 {[%clk
0:17:41]} 20. Ne6 {[%clk 0:28:00]} Qf7 {[%clk 0:14:38]} 21. Nc7 {[%clk 0:17:15]}
Rxe1 {[%clk 0:13:58]} 22. Rxe1 {[%clk 0:17:41]} Rc8 {[%clk 0:11:31]} 23. Ne6
{[%clk 0:17:51]} Re8 {[%clk 0:11:43]} 24. Qxf5 {[%clk 0:17:07]} g6 {[%clk
0:11:47]} 25. Qf4 {[%clk 0:16:54]} Bxe6 {[%clk 0:11:34]} 26. dxe6 {[%clk
0:17:23]} Rxe6 {[%clk 0:12:11]} 27. Rd1 {[%clk 0:13:25]} Nh5 {[%clk 0:10:55]} 28.
Qg5 {[%clk 0:12:40]} Nf4 {[%clk 0:09:33]} 29. Qd8+ {[%clk 0:10:59]} Kg7 {[%clk
0:09:16]} 30. Rxd6 {[%clk 0:10:13]} Rxd6 {[%clk 0:08:10]} 31. Qxd6 {[%clk
0:10:41]} Qxc4 {[%clk 0:08:07]} 32. Qc7+ {[%clk 0:10:12]} Qf7 {[%clk 0:07:37]}
33. Qe5+ {[%clk 0:09:40]} Qf6 {[%clk 0:07:33]} 34. Qc7+ {[%clk 0:10:24]} Qf7
{[%clk 0:07:41]} 35. Qe5+ {[%clk 0:10:52]} Qf6 {[%clk 0:06:19]} 36. Qc7+ {[%clk
0:10:52]} 1/2-1/2

[Event "Campeonato España Sub 16"]
[Site "Salobreña"]
[Date "2017.07.24"]
[Round "2"]
[White "Roldan Marques, Daniel"]
[Black "Sama Salinas, Alejandro"]
[Result "1/2-1/2"]
[Board "5"]
[WhiteClock "1:30"]
[WhiteTitle "FM"]
[WhiteElo "2300"]
[WhiteCountry "ESP"]
[WhiteFideId "32063318"]
[WhiteEloChange "-7"]
[BlackClock "1:30"]
[BlackElo "2000"]
[BlackCountry "ESP"]
[BlackFideId "32086318"]
[BlackEloChange "7"]

1. d4 {[%clk 1:30:00]} Nf6 {[%clk 1:30:00]} 2. c4 {[%clk 1:31:00]} g6 {[%clk
1:31:00]} 3. Nc3 {[%clk 1:31:00]} Bg7 {[%clk 1:31:00]} 4. e4 {[%clk 1:31:00]} d6
{[%clk 1:32:00]} 5. Bg5 {[%clk 1:32:00]} O-O {[%clk 1:31:00]} 6. Qd2 {[%clk
1:32:00]} Nbd7 {[%clk 1:30:00]} 7. Nge2 {[%clk 1:26:00]} a6 {[%clk 1:28:00]} 8.
Ng3 {[%clk 1:25:00]} c5 {[%clk 1:27:00]} 9. d5 {[%clk 1:25:00]} b5 {[%clk
1:26:00]} 10. cxb5 {[%clk 1:24:00]} Qa5 {[%clk 1:24:00]} 11. a4 {[%clk 1:19:00]}
Qb4 {[%clk 1:18:00]} 12. Nb1 {[%clk 1:12:00]} axb5 {[%clk 1:13:00]} 13. Bxb5
{[%clk 1:10:00]} h6 {[%clk 1:07:00]} 14. Qxb4 {[%clk 1:06:00]} cxb4 {[%clk
1:08:00]} 15. Bd2 {[%clk 1:01:00]} Nc5 {[%clk 1:06:00]} 16. Bxb4 {[%clk 1:00:00]}
Nfxe4 {[%clk 1:05:00]} 17. Nxe4 {[%clk 1:00:00]} Nxe4 {[%clk 1:05:00]} 18. Nc3
{[%clk 0:58:00]} Bf5 {[%clk 0:59:00]} 19. f3 {[%clk 0:55:00]} Nf6 {[%clk
0:49:00]} 20. Kd2 {[%clk 0:45:00]} h5 {[%clk 0:46:00]} 21. Rhe1 {[%clk 0:40:00]}
Bh6+ {[%clk 0:45:00]} 22. Kd1 {[%clk 0:41:00]} Ra7 {[%clk 0:39:00]} 23. g3 {[%clk
0:36:00]} Rb8 {[%clk 0:34:00]} 24. Ba3 {[%clk 0:31:00]} Rc7 {[%clk 0:32:00]} 25.
h4 {[%clk 0:20:00]} Rxc3 {[%clk 0:29:00]} 26. bxc3 {[%clk 0:20:00]} Nxd5 {[%clk
0:29:00]} 27. f4 {[%clk 0:13:47]} Nxc3+ {[%clk 0:26:00]} 28. Kd2 {[%clk 0:12:25]}
Ne4+ {[%clk 0:25:00]} 29. Ke3 {[%clk 0:12:30]} Bg7 {[%clk 0:23:00]} 30. Rac1
{[%clk 0:11:42]} e6 {[%clk 0:20:00]} 31. Rc7 {[%clk 0:07:23]} Nc3 {[%clk
0:17:04]} 32. Bxd6 {[%clk 0:04:53]} Nxb5 {[%clk 0:14:51]} 33. axb5 {[%clk
0:05:11]} Rxb5 {[%clk 0:15:08]} 34. Rc8+ {[%clk 0:03:00]} Kh7 {[%clk 0:15:30]}
35. Rb8 {[%clk 0:02:57]} Rd5 {[%clk 0:14:56]} 36. Be5 {[%clk 0:01:44]} Bxe5
{[%clk 0:15:12]} 37. fxe5 {[%clk 0:02:01]} Rxe5+ {[%clk 0:15:35]} 38. Kf2 {[%clk
0:02:28]} Rxe1 {[%clk 0:15:20]} 39. Kxe1 {[%clk 0:02:28]} 1/2-1/2

[Event "Campeonato España Sub 16"]
[Site "Salobreña"]
[Date "2017.07.24"]
[Round "2"]
[White "Guillo Longares, Cecilia"]
[Black "Galiana Fernandez, Adrian"]
[Result "0-1"]
[Board "6"]
[WhiteClock "1:30"]
[WhiteElo "1997"]
[WhiteCountry "ESP"]
[WhiteFideId "32082681"]
[WhiteEloChange "-3"]
[BlackClock "1:30"]
[BlackElo "2274"]
[BlackCountry "ESP"]
[BlackFideId "32010150"]
[BlackEloChange "3"]

1. d4 {[%clk 1:30:00]} d5 {[%clk 1:30:00]} 2. c4 {[%clk 1:31:00]} e6 {[%clk
1:31:00]} 3. Nc3 {[%clk 1:31:00]} Bb4 {[%clk 1:31:00]} 4. Nf3 {[%clk 1:31:00]}
dxc4 {[%clk 1:31:00]} 5. e3 {[%clk 1:29:00]} b5 {[%clk 1:32:00]} 6. a4 {[%clk
1:29:00]} c6 {[%clk 1:32:00]} 7. Ne5 {[%clk 1:27:00]} Nf6 {[%clk 1:31:00]} 8. Bd2
{[%clk 1:27:00]} Nfd7 {[%clk 1:15:00]} 9. Qf3 {[%clk 1:21:00]} Qf6 {[%clk
1:09:00]} 10. Qe4 {[%clk 1:09:00]} Nxe5 {[%clk 1:08:00]} 11. dxe5 {[%clk
1:07:00]} Qf5 {[%clk 0:59:00]} 12. Qd4 {[%clk 1:01:00]} O-O {[%clk 0:53:00]} 13.
Be2 {[%clk 0:57:00]} Bb7 {[%clk 0:48:00]} 14. e4 {[%clk 0:39:00]} Qg6 {[%clk
0:47:00]} 15. Bf3 {[%clk 0:40:00]} c5 {[%clk 0:37:00]} 16. Qe3 {[%clk 0:40:00]}
Bxc3 {[%clk 0:37:00]} 17. bxc3 {[%clk 0:40:00]} Nd7 {[%clk 0:37:00]} 18. Qf4
{[%clk 0:36:00]} a6 {[%clk 0:37:00]} 19. h4 {[%clk 0:34:00]} f6 {[%clk 0:32:00]}
20. exf6 {[%clk 0:29:00]} Qxf6 {[%clk 0:24:00]} 21. Qc7 {[%clk 0:24:00]} Ne5
{[%clk 0:23:00]} 22. Qxb7 {[%clk 0:23:00]} Nxf3+ {[%clk 0:23:00]} 23. gxf3 {[%clk
0:23:00]} Qxf3 {[%clk 0:23:00]} 24. Rf1 {[%clk 0:23:00]} Rad8 {[%clk 0:23:00]}
25. Rd1 {[%clk 0:23:00]} Rf4 {[%clk 0:23:00]} 26. Rc1 {[%clk 0:19:58]} Rxe4+
{[%clk 0:23:00]} 0-1

[Event "Campeonato España Sub 16"]
[Site "Salobreña"]
[Date "2017.07.24"]
[Round "2"]
[White "Ayats Llobera, Gerard"]
[Black "Marzo Pie, Xavier"]
[Result "1-0"]
[Board "7"]
[WhiteClock "1:30"]
[WhiteTitle "FM"]
[WhiteElo "2261"]
[WhiteCountry "ESP"]
[WhiteFideId "32067607"]
[WhiteEloChange "4"]
[BlackClock "1:30"]
[BlackElo "1996"]
[BlackCountry "ESP"]
[BlackFideId "32086440"]
[BlackEloChange "-4"]

1. e4 {[%clk 1:30:00]} c5 {[%clk 1:30:00]} 2. Nf3 {[%clk 1:31:00]} g6 {[%clk
1:31:00]} 3. d4 {[%clk 1:23:00]} cxd4 {[%clk 1:31:00]} 4. Qxd4 {[%clk 1:24:00]}
Nf6 {[%clk 1:32:00]} 5. Bb5 {[%clk 1:24:00]} Nc6 {[%clk 1:20:00]} 6. Qd3 {[%clk
1:19:00]} Bg7 {[%clk 1:17:00]} 7. Nc3 {[%clk 1:16:00]} O-O {[%clk 1:16:00]} 8.
Bf4 {[%clk 1:16:00]} a6 {[%clk 1:14:00]} 9. Ba4 {[%clk 1:16:00]} d6 {[%clk
1:11:00]} 10. O-O-O {[%clk 1:11:00]} b5 {[%clk 1:11:00]} 11. Bb3 {[%clk 1:12:00]}
Na5 {[%clk 1:08:00]} 12. Kb1 {[%clk 1:08:00]} Nxb3 {[%clk 1:07:00]} 13. axb3
{[%clk 1:08:00]} Bb7 {[%clk 1:05:00]} 14. Rhe1 {[%clk 1:01:00]} Rc8 {[%clk
0:59:00]} 15. Be3 {[%clk 0:59:00]} Qc7 {[%clk 0:52:00]} 16. Rd2 {[%clk 0:57:00]}
Rfd8 {[%clk 0:44:00]} 17. Nd5 {[%clk 0:56:00]} Nxd5 {[%clk 0:42:00]} 18. exd5
{[%clk 0:57:00]} b4 {[%clk 0:41:00]} 19. Bg5 {[%clk 0:55:00]} Re8 {[%clk
0:39:00]} 20. Rde2 {[%clk 0:51:00]} Qc5 {[%clk 0:37:00]} 21. Bxe7 {[%clk
0:48:00]} Rxe7 {[%clk 0:19:53]} 22. Rxe7 {[%clk 0:48:00]} Bxd5 {[%clk 0:20:00]}
23. Re8+ {[%clk 0:48:00]} Rxe8 {[%clk 0:20:00]} 24. Rxe8+ {[%clk 0:48:00]} Bf8
{[%clk 0:20:00]} 25. Qd2 {[%clk 0:44:00]} Qb5 {[%clk 0:18:20]} 26. Rd8 {[%clk
0:40:00]} Qf1+ {[%clk 0:17:15]} 27. Qe1 {[%clk 0:38:00]} Qb5 {[%clk 0:15:44]} 28.
Qe7 {[%clk 0:38:00]} 1-0

[Event "Campeonato España Sub 16"]
[Site "Salobreña"]
[Date "2017.07.24"]
[Round "2"]
[White "Munoz Garcia, Jesus"]
[Black "Castillo Dalmau, Albert"]
[Result "0-1"]
[Board "8"]
[WhiteClock "1:30"]
[WhiteElo "1994"]
[WhiteCountry "ESP"]
[WhiteFideId "32064543"]
[WhiteEloChange "-4"]
[BlackClock "1:30"]
[BlackElo "2258"]
[BlackCountry "ESP"]
[BlackFideId "32009925"]
[BlackEloChange "4"]

1. e4 {[%clk 1:30:00]} c5 {[%clk 1:30:00]} 2. d4 {[%clk 1:31:00]} cxd4 {[%clk
1:31:00]} 3. c3 {[%clk 1:31:00]} dxc3 {[%clk 1:31:00]} 4. Nxc3 {[%clk 1:31:00]}
Nc6 {[%clk 1:32:00]} 5. Nf3 {[%clk 1:31:00]} d6 {[%clk 1:32:00]} 6. Bc4 {[%clk
1:30:00]} e6 {[%clk 1:32:00]} 7. O-O {[%clk 1:28:00]} Be7 {[%clk 1:32:00]} 8. Qe2
{[%clk 1:26:00]} Nf6 {[%clk 1:31:00]} 9. Rd1 {[%clk 1:25:00]} e5 {[%clk 1:31:00]}
10. Bg5 {[%clk 1:16:00]} Bg4 {[%clk 1:30:00]} 11. Be3 {[%clk 1:09:00]} O-O {[%clk
1:30:00]} 12. a3 {[%clk 1:06:00]} Rc8 {[%clk 1:29:00]} 13. h3 {[%clk 1:01:00]}
Nd4 {[%clk 0:44:00]} 14. Bxd4 {[%clk 0:44:00]} Bxf3 {[%clk 0:45:00]} 15. Qxf3
{[%clk 0:43:00]} Rxc4 {[%clk 0:45:00]} 16. Bxe5 {[%clk 0:42:00]} Qb8 {[%clk
0:28:00]} 17. Bg3 {[%clk 0:39:00]} Re8 {[%clk 0:28:00]} 18. Qd3 {[%clk 0:31:00]}
Rc6 {[%clk 0:25:00]} 19. Rd2 {[%clk 0:30:00]} Nd7 {[%clk 0:25:00]} 20. Nd5 {[%clk
0:18:10]} Bf8 {[%clk 0:25:00]} 21. Nb4 {[%clk 0:15:05]} Rb6 {[%clk 0:25:00]} 22.
Rc1 {[%clk 0:13:10]} a5 {[%clk 0:23:00]} 23. Nd5 {[%clk 0:12:46]} Rc6 {[%clk
0:24:00]} 24. Rdc2 {[%clk 0:12:33]} Rec8 {[%clk 0:22:00]} 25. Qe2 {[%clk
0:10:27]} a4 {[%clk 0:19:33]} 26. Nb4 {[%clk 0:09:19]} Rc5 {[%clk 0:18:06]} 27.
Qd3 {[%clk 0:07:04]} Qc7 {[%clk 0:13:21]} 28. Rxc5 {[%clk 0:06:06]} Nxc5 {[%clk
0:13:46]} 29. Qe3 {[%clk 0:06:08]} Qd7 {[%clk 0:13:39]} 30. f3 {[%clk 0:05:54]}
Nb3 {[%clk 0:10:06]} 31. Rxc8 {[%clk 0:04:58]} Qxc8 {[%clk 0:10:35]} 32. Kh2
{[%clk 0:04:56]} Qc5 {[%clk 0:10:11]} 33. Nd5 {[%clk 0:04:37]} Qc2 {[%clk
0:04:54]} 34. Qg5 {[%clk 0:03:53]} Nd2 {[%clk 0:03:11]} 35. Kg1 {[%clk 0:00:58]}
Qc1+ {[%clk 0:02:51]} 36. Kf2 {[%clk 0:01:01]} Nxe4+ {[%clk 0:02:51]} 0-1

[Event "Campeonato España Sub 16"]
[Site "Salobreña"]
[Date "2017.07.24"]
[Round "2"]
[White "Aguilera Lopez, Alejandro"]
[Black "Merelo Garcia, Francisco"]
[Result "1-0"]
[Board "9"]
[WhiteClock "1:30"]
[WhiteElo "2251"]
[WhiteCountry "ESP"]
[WhiteFideId "32093810"]
[WhiteEloChange "4"]
[BlackClock "1:30"]
[BlackElo "1994"]
[BlackCountry "ESP"]
[BlackFideId "32092539"]
[BlackEloChange "-4"]

1. d4 {[%clk 1:30:00]} d6 {[%clk 1:30:00]} 2. Nf3 {[%clk 1:31:00]} Nf6 {[%clk
1:30:00]} 3. Bg5 {[%clk 1:31:00]} h6 {[%clk 1:28:00]} 4. Bh4 {[%clk 1:31:00]} g5
{[%clk 1:28:00]} 5. Bg3 {[%clk 1:32:00]} Nh5 {[%clk 1:27:00]} 6. e3 {[%clk
1:32:00]} Nxg3 {[%clk 1:27:00]} 7. hxg3 {[%clk 1:33:00]} Bg7 {[%clk 1:27:00]} 8.
Bd3 {[%clk 1:33:00]} Nd7 {[%clk 1:27:00]} 9. Nbd2 {[%clk 1:33:00]} c6 {[%clk
1:25:00]} 10. c3 {[%clk 1:34:00]} Qc7 {[%clk 1:22:00]} 11. Qc2 {[%clk 1:33:00]}
Nf6 {[%clk 1:22:00]} 12. O-O-O {[%clk 1:32:00]} b5 {[%clk 1:20:00]} 13. e4 {[%clk
1:31:00]} Be6 {[%clk 1:15:00]} 14. b3 {[%clk 1:30:00]} a5 {[%clk 1:14:00]} 15.
Rhe1 {[%clk 1:25:00]} Qb6 {[%clk 0:47:00]} 16. e5 {[%clk 1:13:00]} dxe5 {[%clk
0:45:00]} 17. Nxe5 {[%clk 1:13:00]} c5 {[%clk 0:38:00]} 18. Ndf3 {[%clk 1:10:00]}
O-O {[%clk 0:28:00]} 19. dxc5 {[%clk 1:01:00]} Qxc5 {[%clk 0:28:00]} 20. Nd4
{[%clk 1:01:00]} Bd5 {[%clk 0:20:00]} 21. f4 {[%clk 0:58:00]} gxf4 {[%clk
0:20:00]} 22. gxf4 {[%clk 0:58:00]} b4 {[%clk 0:19:42]} 23. c4 {[%clk 0:58:00]}
Bb7 {[%clk 0:15:04]} 24. Nf5 {[%clk 0:51:00]} a4 {[%clk 0:14:39]} 25. bxa4 {[%clk
0:45:00]} e6 {[%clk 0:11:39]} 26. Nxg7 {[%clk 0:45:00]} Kxg7 {[%clk 0:12:00]} 27.
Bg6 {[%clk 0:44:00]} b3 {[%clk 0:08:16]} 28. axb3 {[%clk 0:43:00]} Qa3+ {[%clk
0:07:54]} 29. Kb1 {[%clk 0:43:00]} Rfb8 {[%clk 0:07:06]} 30. Qa2 {[%clk 0:37:00]}
Qxa2+ {[%clk 0:04:53]} 31. Kxa2 {[%clk 0:38:00]} fxg6 {[%clk 0:05:38]} 32. Rd6
{[%clk 0:35:00]} Re8 {[%clk 0:04:43]} 33. g4 {[%clk 0:34:00]} Re7 {[%clk
0:03:55]} 34. Rb6 {[%clk 0:33:00]} g5 {[%clk 0:02:38]} 35. fxg5 {[%clk 0:32:00]}
hxg5 {[%clk 0:03:05]} 36. Ka3 {[%clk 0:32:00]} Bc8 {[%clk 0:02:10]} 37. Rd6
{[%clk 0:31:00]} Ra6 {[%clk 0:01:22]} 38. Rxa6 {[%clk 0:31:00]} Bxa6 {[%clk
0:01:51]} 39. b4 {[%clk 0:31:00]} Bb7 {[%clk 0:01:52]} 40. b5 {[%clk 0:31:00]}
Ne4 {[%clk 0:01:57]} 41. Kb4 {[%clk 0:31:00]} Kf6 {[%clk 0:02:08]} 42. Nd3 {[%clk
0:29:00]} e5 {[%clk 0:01:39]} 43. c5 {[%clk 0:29:00]} Bd5 {[%clk 0:01:13]} 44.
Rf1+ {[%clk 0:27:00]} Ke6 {[%clk 0:01:23]} 45. Rf5 {[%clk 0:26:00]} Kd7 {[%clk
0:00:38]} 46. a5 {[%clk 0:25:00]} Kc7 {[%clk 0:00:51]} 47. a6 {[%clk 0:25:00]}
Kb8 {[%clk 0:00:41]} 48. Rf8+ {[%clk 0:24:00]} Ka7 {[%clk 0:01:04]} 49. Ka5
{[%clk 0:24:00]} 1-0

[Event "Campeonato España Sub 16"]
[Site "Salobreña"]
[Date "2017.07.24"]
[Round "2"]
[White "Lechuga Cabrero, Luis Miguel"]
[Black "Sole Pijuan, Ferran"]
[Result "1-0"]
[Board "10"]
[WhiteClock "1:30"]
[WhiteElo "1979"]
[WhiteCountry "ESP"]
[WhiteFideId "22274693"]
[WhiteEloChange "16"]
[BlackClock "1:30"]
[BlackElo "2216"]
[BlackCountry "ESP"]
[BlackFideId "32045611"]
[BlackEloChange "-16"]

1. e4 {[%clk 1:30:00]} e5 {[%clk 1:30:00]} 2. Nf3 {[%clk 1:31:00]} Nc6 {[%clk
1:30:00]} 3. Bc4 {[%clk 1:30:00]} Bc5 {[%clk 1:31:00]} 4. c3 {[%clk 1:29:00]} Nf6
{[%clk 1:31:00]} 5. d4 {[%clk 1:29:00]} exd4 {[%clk 1:31:00]} 6. e5 {[%clk
1:29:00]} d5 {[%clk 1:31:00]} 7. Bb5 {[%clk 1:28:00]} Ne4 {[%clk 1:31:00]} 8.
cxd4 {[%clk 1:28:00]} Bb6 {[%clk 1:31:00]} 9. Nc3 {[%clk 1:13:00]} O-O {[%clk
1:32:00]} 10. Bxc6 {[%clk 1:08:00]} bxc6 {[%clk 1:31:00]} 11. O-O {[%clk
1:06:00]} Bg4 {[%clk 1:28:00]} 12. Be3 {[%clk 1:03:00]} f6 {[%clk 1:17:00]} 13.
Nxe4 {[%clk 0:49:00]} dxe4 {[%clk 1:15:00]} 14. Qb3+ {[%clk 0:49:00]} Qd5 {[%clk
1:09:00]} 15. Nd2 {[%clk 0:44:00]} f5 {[%clk 1:04:00]} 16. g3 {[%clk 0:40:00]} h6
{[%clk 0:59:00]} 17. h4 {[%clk 0:38:00]} Kh8 {[%clk 0:55:00]} 18. Qxd5 {[%clk
0:34:00]} cxd5 {[%clk 0:55:00]} 19. Rfc1 {[%clk 0:34:00]} Be2 {[%clk 0:41:00]}
20. a4 {[%clk 0:27:00]} a5 {[%clk 0:36:00]} 21. Rc6 {[%clk 0:24:00]} Bh5 {[%clk
0:34:00]} 22. Kf1 {[%clk 0:14:38]} Be8 {[%clk 0:30:00]} 23. Rc2 {[%clk 0:13:59]}
c5 {[%clk 0:18:56]} 24. dxc5 {[%clk 0:12:50]} Bc7 {[%clk 0:19:17]} 25. Bd4 {[%clk
0:10:28]} f4 {[%clk 0:17:38]} 26. Kg2 {[%clk 0:09:27]} Bg6 {[%clk 0:15:54]} 27.
Rc3 {[%clk 0:08:16]} f3+ {[%clk 0:15:12]} 28. Kf1 {[%clk 0:07:11]} Rae8 {[%clk
0:14:00]} 29. Nb3 {[%clk 0:07:29]} Bxe5 {[%clk 0:13:55]} 30. Bxe5 {[%clk
0:07:16]} Rxe5 {[%clk 0:14:21]} 31. Nd4 {[%clk 0:07:15]} Bf5 {[%clk 0:07:22]} 32.
c6 {[%clk 0:06:15]} Bh3+ {[%clk 0:07:13]} 33. Ke1 {[%clk 0:04:08]} e3 {[%clk
0:06:53]} 34. Raa3 {[%clk 0:03:42]} Re4 {[%clk 0:06:22]} 35. Rd3 {[%clk 0:03:25]}
Rg4 {[%clk 0:04:36]} 36. c7 {[%clk 0:02:38]} Rc8 {[%clk 0:00:54]} 37. Rac3 {[%clk
0:02:39]} Re4 {[%clk 0:00:42]} 38. Nxf3 {[%clk 0:01:28]} Bg4 {[%clk 0:01:00]} 39.
Rxd5 {[%clk 0:01:07]} Kh7 {[%clk 0:00:36]} 40. Rd8 {[%clk 0:00:57]} Re8 {[%clk
0:00:35]} 41. Rxe8 {[%clk 0:00:53]} Rxe8 {[%clk 0:00:52]} 42. Rxe3 {[%clk
0:01:12]} Rc8 {[%clk 0:01:12]} 43. Ne5 {[%clk 0:01:19]} Bh5 {[%clk 0:01:10]} 44.
Rc3 {[%clk 0:01:28]} Kg8 {[%clk 0:01:05]} 45. Nd7 {[%clk 0:01:39]} Bg4 {[%clk
0:00:47]} 46. Nb6 {[%clk 0:01:46]} Re8+ {[%clk 0:01:15]} 47. Re3 {[%clk 0:01:56]}
Rf8 {[%clk 0:01:21]} 48. Rc3 {[%clk 0:01:41]} Bc8 {[%clk 0:01:40]} 49. Nxc8
{[%clk 0:01:44]} Rxc8 {[%clk 0:02:02]} 50. Rc6 {[%clk 0:01:44]} 1-0

[Event "Campeonato España Sub 16"]
[Site "Salobreña"]
[Date "2017.07.24"]
[Round "2"]
[White "Sama Salinas, Hector"]
[Black "Toquero Gracia, Pau"]
[Result "1-0"]
[Board "11"]
[WhiteClock "n/a"]
[WhiteElo "2205"]
[WhiteCountry "ESP"]
[WhiteFideId "32086857"]
[WhiteEloChange "4"]
[BlackClock "n/a"]
[BlackElo "1971"]
[BlackCountry "ESP"]
[BlackFideId "32086296"]
[BlackEloChange "-4"]

1. e4 {[%clk 1:30:30]} c5 {[%clk 1:30:30]} 2. Nc3 {[%clk 1:30:30]} a6 {[%clk
1:30:30]} 3. g3 {[%clk 1:30:30]} b5 {[%clk 1:30:30]} 4. Bg2 {[%clk 1:30:30]} Bb7
{[%clk 1:30:30]} 5. d3 {[%clk 1:30:30]} e6 {[%clk 1:30:30]} 6. Nh3 {[%clk
1:30:30]} Nf6 {[%clk 1:30:30]} 7. O-O {[%clk 1:30:30]} d6 {[%clk 1:30:30]} 8. f4
{[%clk 1:30:30]} Be7 {[%clk 1:30:30]} 9. g4 {[%clk 1:30:30]} d5 {[%clk 1:30:30]}
10. g5 {[%clk 1:30:30]} Ng8 {[%clk 1:30:30]} 11. f5 {[%clk 1:30:30]} exf5 {[%clk
1:30:30]} 12. Rxf5 {[%clk 1:30:30]} d4 {[%clk 1:30:30]} 13. Nd5 {[%clk 1:30:30]}
g6 {[%clk 1:30:30]} 14. Rf2 {[%clk 1:30:30]} Nd7 {[%clk 1:30:30]} 15. Bf4 {[%clk
1:30:30]} Rc8 {[%clk 1:30:30]} 16. Qf3 {[%clk 1:30:30]} f6 {[%clk 1:30:30]} 17.
Qg3 {[%clk 1:30:30]} Nf8 {[%clk 1:30:30]} 18. Qf3 {[%clk 1:30:30]} Nd7 {[%clk
1:30:30]} 19. Qg3 {[%clk 1:30:30]} Nf8 {[%clk 1:30:30]} 20. Nxe7 {[%clk 1:30:30]}
Qxe7 {[%clk 1:30:30]} 21. gxf6 {[%clk 1:30:30]} Nxf6 {[%clk 1:30:30]} 22. Bd6
{[%clk 1:30:30]} Qg7 {[%clk 1:30:30]} 23. Rxf6 {[%clk 1:30:30]} Qxf6 {[%clk
1:30:30]} 24. Be5 {[%clk 1:30:30]} 1-0